| 000 | 00388nam a2200157Ia 4500 | ||
|---|---|---|---|
| 003 | LK-CoDNM | ||
| 008 | 010623t1986 xxu||||| |||| 00| 1 eng d | ||
| 040 |
_aLK-CoDNM _dLK-CoDNM _eLK-CoDNM |
||
| 041 | _aeng | ||
| 080 | _a(378.2(11) | ||
| 245 | _aGeneral convocation | ||
| 260 |
_bUniversity of Moratuwa _aSri Lanka _c1986 |
||
| 300 | _b21, 24.5 cm | ||
| 650 | _aEducation | ||
| 942 | _cBK | ||
| 999 |
_c113132 _d113132 |
||